| 000 | 00745nam a2200241 i 4500 | ||
|---|---|---|---|
| 001 | 123257 | ||
| 003 | ES-MaACL | ||
| 005 | 20230906192135.0 | ||
| 007 | t| | ||
| 008 | 070214s1965 sp |||| | spa d | ||
| 100 | 1 |
_aQuesada, Alonso. _994556 |
|
| 245 | 1 | 0 |
_aPoesía / _cAlonso Quesada ; prólogo de Miguel de Unamuno ; epílogo de Gabriel Miró. |
| 260 |
_aLas Palmas de Gran Canaria : _bTagoro, _c1965. |
||
| 300 |
_a354 p ; _c22 cm. |
||
| 490 | 1 |
_aObras completas ; _v1 |
|
| 490 | 1 |
_aTagoro ; _v10 |
|
| 700 | 1 |
_aUnamuno, Miguel de, _d1864-1936 _9111982 |
|
| 700 | 1 |
_aMiró, Gabriel. _981602 |
|
| 830 | 1 |
_aObras completas ; _v1 _9176447 |
|
| 830 | 1 |
_aTagoro ; _v10 _9218917 |
|
| 852 |
_aES-MaACL _jC-27413 |
||
| 999 |
_c123257 _d123257 |
||